000
00216cam a22000857a 4500
008
180718b xxu||||| |||| 00| 0 eng d
082
_a
W1069x54
245
_a
Railways : survey of India
260
_a
Survey of India Office
_b
_c
999
_c
424872
_d
424872